If They Were Muggles Quiz Stats

Quiz Updated Aug 30, 2017

Challenge
Share
Tweet
Embed
Score 0/20 Timer 05:00
0 Plays Today
% Correct
Hermione Granger
90.2%
Rubeus Hagrid
88.3%
Sybill Trelawney
85.8%
Severus Snape
85.8%
Nymphadora Tonks
84.2%
Colin Creevey
83.5%
Lee Jordan
83.3%
Tom Riddle
83%
Poppy Pomfrey
82.1%
Garrick Ollivander
81.7%
% Correct
Ginny Weasley
79.5%
Luna Lovegood
78.1%
Arthur Weasley
77.9%
Rolanda Hooch
74%
Albus Dumbledore
72.2%
Salazar Slytherin
71.1%
Mdm. Malkin
70.1%
Mundungus Fletcher
69%
Reg Cattermole
60.5%
Caractacus Burke
53%

You're not logged in!

Compare scores with friends on all Sporcle quizzes.
Sign Up with Email
OR
Log In

You Might Also Like...

Show Comments

Extras

Top Quizzes Today


Score Distribution

Your Account Isn't Verified!

In order to create a playlist on Sporcle, you need to verify the email address you used during registration. Go to your Sporcle Settings to finish the process.